| 000 | 00373nam a2200145Ia 4500 | ||
|---|---|---|---|
| 008 | 230917s9999||||xx |||||||||||||| ||und|| | ||
| 040 |
_e126341 _aMAIN |
||
| 041 | _aEnglish | ||
| 082 | _a410 S27C | ||
| 100 | _aSedelow, Walter A. | ||
| 245 | 0 | _aComputers in language research formal methods | |
| 260 |
_aThe Hague _bMouton _c1979 |
||
| 300 | _aviii,223p p. | ||
| 942 | _cBK | ||
| 999 |
_c229963 _d229963 |
||